000 00596nam a2200205Ia 4500
003 GCL
008 140319s9999 xx 000 0 ara d
040 _aGCL /
_cGCL
082 0 4 _a001.422
_bع ا
100 1 _aعبدالرحمن عيسوى
245 1 0 _aالاحصاء السيكولوجى والتطبيقى /
_cعبدالرحمن عيسوى
300 _a503 ص
490 _a
650 0 4 _aالاجتماع
650 0 4 _aالاحصاء
650 0 4 _aعلم - الطرق
650 0 4 _aالاحصائية
650 0 4 _aالتعليم - الطرق الاحصائيه
942 _2ddc
_cBK
999 _c39010
_d39010